The TCP/IP Companion : a guide for the common user

Bibliographic Details
Main Author: Arick, Martin
Format: Book
Published: Boston : QED Publishing Group , 1993
Subjects:

MARC

LEADER 00000cam a2200000 7i4500
001 0000008099
002 000008837
005 20081118.0
020 |a 0894354663 
090 0 0 |a 004.16   |b ARI 
100 1 |a Arick, Martin 
245 1 0 |a The TCP/IP Companion :   |b a guide for the common user   |c Martin R. Arick 
260 |a Boston :   |b QED Publishing Group ,   |c 1993 
300 |a 240 p. ;   |c 23 cm. 
650 0 0 |a Computer networks 
650 0 0 |a TCP/IP (Computer network protocol) 
999 |a 041417   |b BUKU   |c PINJAMAN   |e PERPUSTAKAAN KOMUNITI PETALING JAYA